| 000 | 00387cam a2200145ua 4500 | ||
|---|---|---|---|
| 041 |
_aeng _h |
||
| 082 |
_a828.09 _bHAM/ST |
||
| 100 | _aHamilton, A C . | ||
| 245 |
_aStructre of allegory in te faerie queene / _cA C Hamilton. _hTextual Documents |
||
| 260 |
_aLondon : _bOxford at the Clarendon Press , _c1961. |
||
| 300 | _a227 ; . | ||
| 504 | _a | ||
| 942 | _cBK | ||
| 999 |
_c7765 _d7765 |
||